Statistics for Most Densely Populated Countries by Letter

Click here to take the quiz!

General Stats

  • This quiz has been taken 43 times
  • The average score is 15 of 24

Answer Stats

HintAnswer% Correct
OOman
95%
YYemen
95%
QQatar
92%
ZZimbabwe
92%
JJapan
86%
IIndia
84%
UUnited Kingdom
84%
VVatican
81%
HHaiti
76%
FFrance
73%
SSingapore
73%
MMonaco
68%
PPhilippines
59%
RRwanda
57%
EEl Salvador
46%
KKuwait
46%
NNauru
46%
TTaiwan
46%
BBahrain
38%
DDominican Republic
35%
AAntigua and Barbuda
32%
LLebanon
30%
CComoros
24%
GGrenada
19%

Score Distribution

Percentile by Number Answered

Percent of People with Each Score

Your Score History

You have not taken this quiz